Using taxes to reform health insurance: pitfalls and promises

Ebook from IG Library

Kaydedildi:
Detaylı Bibliyografya
Yazar: Aaron, Henry J
Diğer Yazarlar: Burman, Leonard E
Materyal Türü: Kitap
Dil:Undetermined
Baskı/Yayın Bilgisi: Brookings Institution Press 2008
Konular:
Online Erişim:http://lrc.tdmu.edu.vn/opac/search/detail.asp?aID=2&ID=38949
Etiketler: Etiketle
Etiket eklenmemiş, İlk siz ekleyin!
Thư viện lưu trữ: Trung tâm Học liệu Trường Đại học Thủ Dầu Một
LEADER 00710nam a2200193Ia 4500
001 TDMU_38949
008 210410s9999 xx 000 0 und d
082 |a 363.325 
100 |a Aaron, Henry J 
245 0 |a Using taxes to reform health insurance: pitfalls and promises 
245 0 |c Henry J. Aaron 
260 |b Brookings Institution Press 
260 |c 2008 
300 |a 294Pages 
520 |a Ebook from IG Library 
650 |a Social Policy  |x Health insurance; Tax Policy; Chính sách bảo hiểm  |x Cải cách thuế 
700 |a Burman, Leonard E 
856 |u http://lrc.tdmu.edu.vn/opac/search/detail.asp?aID=2&ID=38949 
980 |a Trung tâm Học liệu Trường Đại học Thủ Dầu Một